000 00584nam a22002297a 4500
003 UA-OsUOA
001 87300
007 ta
008 20120917b un ||||| |||| 00| 0 ukr d
100 _aТишков В. А.
090 _a94(73)
_bТ47
942 _cBK
040 _aUA-OsUOA
_brus
_cUA-OsUOA
_dUA-OsUOA
245 _aИстория и историки в США
300 _a351 с.
955 _a4
041 _arus
080 _a94(73)
260 _aМ.
_bНаука
_c1985
650 7 _a9 Географія. Біографії. Історія
_2UDC
999 _c373996
_d373996